El funcionarismo en la política / (Record no. 19780)

MARC details
000 -LEADER
campo de control de longitud fija 01023nam a2200277 i 4500
001 - NÚMERO DE CONTROL
campo de control 19780
003 - IDENTIFICADOR DE NÚMERO DE CONTROL
campo de control ES-MaACL
005 - FECHA Y HORA DE LA ÚLTIMA TRANSACCIÓN
campo de control 20250422122819.0
007 - CAMPO FIJO DE DESCRIPCIÓN FÍSICA--INFORMACIÓN GENERAL
campo de control de longitud fija t|
008 - DATOS DE LONGITUD FIJA--INFORMACIÓN GENERAL
campo de control de longitud fija 021015s1923 sp ||||1| spa d
080 ## - NÚMERO DE LA CLASIFICACIÓN DECIMAL UNIVERSAL
Número de la Clasificación Decimal Universal 35.085
100 1# - ENTRADA PRINCIPAL--NOMBRE DE PERSONA
Nombre de persona Hermosilla Rodríguez, Antonio.
9 (RLIN) 62768
245 13 - MENCIÓN DEL TÍTULO
Título El funcionarismo en la política /
Mención de responsabilidad, etc. por Antonio Hermosilla Rodríguez.
260 ## - PUBLICACIÓN, DISTRIBUCIÓN, ETC.
Lugar de publicación, distribución, etc. Madrid :
Nombre del editor, distribuidor, etc. [s.n.],
Fecha de publicación, distribución, etc. 1923 (
Fabricante Gráf. Renacimiento)
300 ## - DESCRIPCIÓN FÍSICA
Extensión 35 p. ;
Dimensiones 19 cm.
500 ## - NOTA GENERAL
Nota general Precede al tít.: Conferencia en el Ateneo de Madrid.
500 ## - NOTA GENERAL
Nota general En port.: 10 de enero de 1923.
610 24 - PUNTO DE ACCESO ADICIONAL DE MATERIA--NOMBRE DE ENTIDAD CORPORATIVA
Nombre de entidad corporativa o nombre de jurisdicción como elemento de entrada Ateneo de Madrid-
Subdivisión de forma Conferencias-
Subdivisión cronológica 1900-1939
9 (RLIN) 1907
610 2# - PUNTO DE ACCESO ADICIONAL DE MATERIA--NOMBRE DE ENTIDAD CORPORATIVA
Nombre de entidad corporativa o nombre de jurisdicción como elemento de entrada Ateneo de Madrid-
Subdivisión de forma Obras digitalizadas.
9 (RLIN) 1930
650 14 - PUNTO DE ACCESO ADICIONAL DE MATERIA--TÉRMINO DE MATERIA
Término de materia o nombre geográfico como elemento de entrada Funcionarios.
9 (RLIN) 13009
710 2# - ENTRADA AGREGADA--NOMBRE DE ENTIDAD CORPORATIVA
Nombre de entidad corporativa o nombre de jurisdicción como elemento de entrada Ateneo de Madrid.
9 (RLIN) 1875
852 ## - LOCALIZACIÓN
Ubicación ES-MaACL
Número de control de estantería 2162-F-17
Sublocalización o colección R.132050
Ubicación en estantería Depósito folletos
Nota libre Revisado enlace: 22 de Abril de 2025
856 4# - LOCALIZACIÓN Y ACCESO ELECTRÓNICOS
Identificador Uniforme de Recursos <a href="http://www.ateneodemadrid.com/biblioteca_digital/folletos/Folletos-0201.pdf">http://www.ateneodemadrid.com/biblioteca_digital/folletos/Folletos-0201.pdf</a>
Texto de enlace Ver documento
942 ## - ELEMENTOS DE ENTRADA SECUNDARIOS (KOHA)
Fuente del sistema de clasificación o colocación Clasificación decimal universal
Holdings
Estatus retirado Estado de pérdida Fuente del sistema de clasificación o colocación Estado de daño No para préstamo Colección Biblioteca de origen Biblioteca actual Ubicación en estantería Fecha de adquisición Total de préstamos Signatura topográfica completa Código de barras Visto por última vez Precio de reemplazo Tipo de ítem Koha
    Clasificación decimal universal     Biblioteca Digital del Ateneo de Madrid Biblioteca del Ateneo de Madrid Biblioteca del Ateneo de Madrid Depósito folletos 17/01/2008   2162-F-17 1020258 23/02/2023 23/02/2023 Folleto